| 000 | 00384nam a2200169Ia 4500 | ||
|---|---|---|---|
| 003 | OSt | ||
| 005 | 20240223105241.0 | ||
| 008 | 170619s9999 xx 000 0 und d | ||
| 020 | _a8174731008 | ||
| 040 | _cIIMT ENGINEERING COLLEGE | ||
| 100 | _aBloomberg | ||
| 245 | 0 | _aMastering microcaps | |
| 260 | _bNew Delhi AITBS | ||
| 260 | _c2004 | ||
| 546 | _aENGLISH | ||
| 942 |
_2ddc _c02 |
||
| 999 |
_c21739 _d21739 |
||